00551nam a2200193 a 4500001001300000003000900013005001700022008004100039020002300080082001600103100001800119245006900137260004500206300000900251500003500260505002400295650002000319700001800339nice12345678IN_TiNIC20260116012305.0050524s1988 gena grp 000 0 eng  a3906706 c10000a230.41bKIR aKirst, Nelson aRethinking Luther`s Theology in the Contexts of the Third World. aGenevabLutheran World Federation c1988 a158p aincludes index and biblioraphy2 aList of participant aTheology-Luther1 aKirst, Nelson